विद्यापति की पदावली (Record no. 1022372)

MARC details
000 -LEADER
fixed length control field 00901nam a2200265Ia 4500
003 - CONTROL NUMBER IDENTIFIER
control field OSt
005 - DATE AND TIME OF LATEST TRANSACTION
control field 20221005111622.0
008 - FIXED-LENGTH DATA ELEMENTS--GENERAL INFORMATION
fixed length control field 221004b |||||||| |||| 00| 0 hin d
037 ## - SOURCE OF ACQUISITION
Terms of availability Textual
040 ## - CATALOGING SOURCE
Original cataloging agency CRL
Transcribing agency CRL
Language of cataloging hin
041 ## - LANGUAGE CODE
Source of code hin
Language code of text/sound track or separate title hin
100 ## - MAIN ENTRY--PERSONAL NAME
Personal name बेनीपुरी, रामवृक्ष
245 #0 - TITLE STATEMENT
Title विद्यापति की पदावली
246 ## - VARYING FORM OF TITLE
Title proper/short title Vidyāpati kī padāvalī
260 ## - PUBLICATION, DISTRIBUTION, ETC.
Place of publication, distribution, etc. पटना
Name of publisher, distributor, etc. पुस्तक भंडार भारत
Date of publication, distribution, etc. 1993
490 ## - SERIES STATEMENT
Volume/sequential designation प्रथम भाग
650 ## - SUBJECT ADDED ENTRY--TOPICAL TERM
Topical term or geographic name entry element हिन्दी साहित्य
650 ## - SUBJECT ADDED ENTRY--TOPICAL TERM
Topical term or geographic name entry element हिन्दी कविता
942 ## - ADDED ENTRY ELEMENTS (KOHA)
Classification part O152,1H50x, N3
Koha item type Textual
Source of classification or shelving scheme
Holdings
Withdrawn status Lost status Damaged status Not for loan Home library Current library Date acquired Serial Enumeration / chronology Total Checkouts Full call number Barcode Date last seen Price effective from Koha item type
        Central Library Central Library 2022-10-05 प्रथम भाग   O152,1H50x N3 BL1043137 Bra 2022-10-05 2022-10-05 Textual
Copyright @ Delhi University Library System